[Event "Niedersachsen-ch B"]
[Site "Verden"]
[Date "2010.01.03"]
[Round "2.31"]
[White "Ehlert, Horst"]
[Black "Kramer, Norbert"]
[Result "1-0"]
[WhiteElo "2083"]
[BlackElo "1801"]
[PlyCount "83"]
[EventDate "2010.01.??"]
[EventType "swiss"]
[EventRounds "7"]
[EventCountry "GER"]
[SourceDate "2005.10.24"]

1. c4 g6 2. g3 Bg7 3. Bg2 e5 4. Nc3 d6 5. e3 f5 6. Nge2 Nf6 7. O-O Nbd7 8. d3
O-O 9. b4 Re8 10. Rb1 Kh8 11. Qc2 Rb8 12. a4 Nf8 13. b5 Ne6 14. Nd5 g5 15. f4
e4 16. d4 g4 17. Nxf6 Qxf6 18. Bb2 Qe7 19. Rfd1 Bd7 20. Ba3 b6 21. Rbc1 Bf8 22.
Bf1 h5 23. Nc3 Rbd8 24. Nd5 Qf7 25. Nb4 Be7 26. Na6 Bc8 27. d5 Bxa6 28. dxe6
Qxe6 29. bxa6 c5 30. Bb2+ Kh7 31. Rd5 Kg6 32. Qb3 Rf8 33. Rcd1 Rf7 34. Qb5 Rh7
35. a5 Rb8 36. Qc6 Kf7 37. Qc7 Rd8 38. axb6 axb6 39. a7 h4 40. Qxd8 hxg3 41.
a8=Q Bxd8 42. Qxd8 1-0

[Event "Niedersachsen-ch B"]
[Site "Verden"]
[Date "2010.01.03"]
[Round "2.32"]
[White "Rose, Shawn"]
[Black "Kaiser, Jonas"]
[Result "0-1"]
[WhiteElo "1650"]
[BlackElo "1939"]
[PlyCount "104"]
[EventDate "2010.01.??"]
[EventType "swiss"]
[EventRounds "7"]
[EventCountry "GER"]
[SourceDate "2005.10.24"]

1. Nc3 d5 2. e4 e6 3. g3 Nf6 4. Bg2 c5 5. d3 Nc6 6. f4 Be7 7. e5 Nd7 8. Nf3 O-O
9. O-O a6 10. Ne2 b5 11. c3 a5 12. Qc2 Ba6 13. b3 Nb6 14. Nd2 Qc7 15. Bb2 Rac8
16. a3 Rfd8 17. Rad1 {(=)} c4 18. d4 cxb3 19. Nxb3 b4 20. cxb4 axb4 21. axb4
Nxb4 22. Qxc7 Rxc7 23. Rc1 Rxc1 24. Nbxc1 Rc8 25. Ba3 Nc4 26. Rf3 Nxa3 27. Rxa3
Rc2 28. Bf3 Bc4 29. Rc3 Rb2 30. g4 Nc6 31. Rxc4 dxc4 32. Bxc6 c3 33. Kf2 Bh4+
34. Ke3 Be1 35. Be4 Bd2+ {(=)} 36. Kd3 g6 37. f5 h5 38. h3 gxf5 39. gxf5 h4 40.
d5 exd5 41. Bxd5 Bxc1 42. Nxc1 Rd2+ 43. Kc4 {(=)} c2 44. Bf3 Rd1 45. Bh5 Rxc1
46. Kd3 Rh1 47. Kxc2 Rxh3 48. e6 fxe6 49. fxe6 Kf8 50. Kd2 Rg3 51. Ke2 h3 52.
Kf2 h2 0-1

[Event "Niedersachsen-ch B"]
[Site "Verden"]
[Date "2010.01.03"]
[Round "2.33"]
[White "Bart, Simon"]
[Black "Rethmann, Kristin"]
[Result "1-0"]
[WhiteElo "1982"]
[BlackElo "1784"]
[PlyCount "73"]
[EventDate "2010.01.??"]
[EventType "swiss"]
[EventRounds "7"]
[EventCountry "GER"]
[SourceDate "2005.10.24"]

1. e4 Nf6 2. e5 Nd5 3. c4 Nb6 4. d4 d6 5. exd6 cxd6 6. Nc3 Nc6 7. Be3 g6 8. Nf3
Bg7 9. Rc1 O-O 10. Qd2 Bg4 11. Ng5 a6 12. h3 Bd7 13. Be2 e6 14. O-O Nc8 15. Nf3
N8e7 16. a3 Rc8 17. b4 Nf5 18. Bg5 Qb6 19. c5 dxc5 20. dxc5 Qc7 21. Ne4 e5 22.
Nf6+ Bxf6 23. Bxf6 e4 24. Ng5 Rfe8 25. Bc4 Be6 26. Bxe6 fxe6 27. Nxe4 Rf8 28.
Bb2 Rcd8 29. Qg5 Nce7 30. Nf6+ Kf7 31. Nxh7 Rg8 32. Qf6+ Ke8 33. Qxe6 Ng7 34.
Qg4 Rh8 35. Ng5 Nef5 36. Rfe1+ Kf8 37. Ne6+ 1-0

[Event "Niedersachsen-ch B"]
[Site "Verden"]
[Date "2010.01.03"]
[Round "2.34"]
[White "Hurink, Maarten"]
[Black "Roemer, Helmut"]
[Result "1-0"]
[WhiteElo "1846"]
[BlackElo "1672"]
[PlyCount "91"]
[EventDate "2010.01.??"]
[EventType "swiss"]
[EventRounds "7"]
[EventCountry "GER"]
[SourceDate "2005.10.24"]

1. d4 Nf6 2. Nf3 g6 3. Bg5 Ne4 4. Bh4 Bg7 5. Nbd2 d5 6. e3 h6 7. c4 c6 8. Bd3
Bf5 9. Qc2 Nxd2 10. Qxd2 Be4 11. O-O Nd7 12. Rfd1 f5 13. cxd5 cxd5 14. Bb5 O-O
15. Bg3 Bxf3 16. gxf3 a6 17. Ba4 Rc8 18. Rac1 e6 19. Rxc8 Qxc8 20. Rc1 Qd8 21.
Qb4 Qb6 22. Bd6 Qxb4 23. Bxb4 Rd8 24. Be7 Re8 25. Bd6 b5 26. Bb3 Nb6 27. Rc6
Nc4 28. Rxa6 Nxb2 29. Rb6 Nc4 30. Ra6 Rc8 31. Bc5 Bf8 32. Bxf8 Kxf8 33. Rxe6
Kf7 34. Ra6 Rc7 35. Kg2 Kg7 36. Kg3 Kf7 37. Kf4 Re7 38. h4 Re6 39. Ra7+ Kf6 40.
Rc7 g5+ 41. hxg5+ hxg5+ 42. Kg3 Rd6 43. Rc5 Rb6 44. Rxd5 Nd2 45. Bc2 b4 46.
Rxf5+ 1-0

[Event "Niedersachsen-ch B"]
[Site "Verden"]
[Date "2010.01.03"]
[Round "2.35"]
[White "Belakhin, Alexander"]
[Black "Krumschmidt, Michael"]
[Result "1-0"]
[WhiteElo "1864"]
[BlackElo "1648"]
[PlyCount "89"]
[EventDate "2010.01.??"]
[EventType "swiss"]
[EventRounds "7"]
[EventCountry "GER"]
[SourceDate "2005.10.24"]

1. d4 d5 2. c4 e6 3. Nf3 Nf6 4. Bg5 Be7 5. Nc3 Nbd7 6. e3 O-O 7. Rc1 b6 8. cxd5
exd5 9. Bd3 Bb7 10. O-O c5 11. Re1 Re8 12. Bb1 Rc8 13. Qd3 Ne4 14. Bf4 c4 15.
Qc2 Ndf6 16. Ne5 g6 17. Nb5 a6 18. Nc3 Nh5 19. Ne2 Bb4 20. Red1 Nxf4 21. Nxf4
Bd6 22. Nf3 Bxf4 23. exf4 Qf6 24. g3 c3 25. Qb3 cxb2 26. Qxb2 b5 27. Ne5 Nd6
28. Rxc8 Bxc8 29. a4 Nc4 30. Qb3 bxa4 31. Qxa4 Re6 32. Nxc4 dxc4 33. Qxc4 Rc6
34. Qe2 Re6 35. Qd2 Bb7 36. d5 Rd6 37. Be4 Rb6 38. Bg2 Rb2 39. Qe3 Qd8 40. d6
Bc8 41. Qc3 Qb6 42. Qxc8+ Kg7 43. Qc3+ Kh6 44. Qe3 (44. Qxb2 Qxb2 45. d7) 44...
Qb5 45. d7 1-0

[Event "Niedersachsen-ch B"]
[Site "Verden"]
[Date "2010.01.03"]
[Round "2.36"]
[White "Brehm, Stefan"]
[Black "Dorn, Carina"]
[Result "0-1"]
[WhiteElo "1640"]
[BlackElo "1867"]
[PlyCount "92"]
[EventDate "2010.01.??"]
[EventType "swiss"]
[EventRounds "7"]
[EventCountry "GER"]
[SourceDate "2005.10.24"]

1. d4 Nf6 2. c4 e6 3. Nc3 Bb4 4. Bg5 h6 5. Bxf6 Qxf6 6. a3 Bxc3+ 7. bxc3 c5 8.
e4 d6 9. Nf3 e5 10. d5 Bg4 11. Be2 O-O 12. Nd2 Bxe2 13. Qxe2 Qg6 14. O-O Nd7
15. f4 exf4 16. Rxf4 Ne5 17. Raf1 Rae8 18. Nf3 Qh5 19. Rf5 Qg4 20. h3 Nxf3+ 21.
Qxf3 Qxf3 22. gxf3 Kh7 23. Kf2 f6 24. h4 g6 25. Rf4 h5 26. a4 Kg7 27. a5 Re5
28. Rb1 Rf7 29. Rg1 Kh7 30. Rg5 Kh6 31. Rg1 {(=)} Ree7 32. Ke3 Re8 33. Rg2 Rb8
34. Rb2 Kg7 35. Rb1 Re7 36. Kd3 b6 37. a6 Re5 38. Rb2 Rg8 39. Rg2 Kf7 40. Rh2
Ke7 41. Rh3 Rb8 42. Rh2 b5 43. Rb2 bxc4+ 44. Kc2 Rxb2+ 45. Kxb2 g5 46. hxg5
fxg5 0-1

[Event "Niedersachsen-ch B"]
[Site "Verden"]
[Date "2010.01.03"]
[Round "2.38"]
[White "Buetow, Ingo"]
[Black "Eickhoff, Hermann"]
[Result "0-1"]
[WhiteElo "1789"]
[BlackElo "2030"]
[PlyCount "46"]
[EventDate "2010.01.??"]
[EventType "swiss"]
[EventRounds "7"]
[EventCountry "GER"]
[SourceDate "2005.10.24"]

1. c4 g6 2. Nc3 Bg7 3. g3 c5 4. Bg2 Nc6 5. e4 d6 6. Nge2 a6 7. O-O Nf6 8. a3
O-O 9. Rb1 Rb8 10. b4 Be6 11. d3 Nd7 12. b5 Nd4 13. Nxd4 cxd4 14. Ne2 axb5 15.
Rxb5 Nc5 16. Rb1 Bd7 17. Bb2 e5 18. Nc1 Bh6 19. Na2 Ba4 20. Qe2 b5 21. Bc1 Bg7
22. cxb5 Bxb5 23. Nb4 Bxd3 0-1

[Event "Niedersachsen-ch B"]
[Site "Verden"]
[Date "2010.01.03"]
[Round "2.39"]
[White "Schneider, Waldemar"]
[Black "Meyer, Irmin"]
[Result "0-1"]
[WhiteElo "1602"]
[BlackElo "2004"]
[PlyCount "54"]
[EventDate "2010.01.??"]
[EventType "swiss"]
[EventRounds "7"]
[EventCountry "GER"]
[SourceDate "2005.10.24"]

1. d4 Nf6 2. c4 e6 3. Nc3 Bb4 4. Qc2 c5 5. dxc5 Na6 6. a3 Bxc3+ 7. Qxc3 Nxc5 8.
Nf3 O-O 9. Bg5 Nce4 10. Bxf6 Nxf6 11. e3 b6 12. g3 Ba6 13. Bg2 Rc8 14. Nd2 d5
15. b3 dxc4 16. bxc4 Qc7 17. Rc1 Nd7 18. Qb4 Ne5 19. Bf1 Qc6 20. Rg1 Rfd8 21.
Qb3 Rxd2 22. Bg2 Qd7 23. Qc3 Nd3+ 24. Kxd2 {Ab hier beginnt die fröhliche
Ratestunde, da auch nur ein Partieformular vorliegt.} Nxc1+ 25. Kxc1 Rxc4 26.
Qxc4 Bxc4 27. Rd1 Qc7 0-1

[Event "Niedersachsen-ch B"]
[Site "Verden"]
[Date "2010.01.03"]
[Round "2.40"]
[White "Zotin, Vladimir"]
[Black "Schumacher, Klaus"]
[Result "1-0"]
[WhiteElo "2015"]
[BlackElo "1884"]
[PlyCount "47"]
[EventDate "2010.01.??"]
[EventType "swiss"]
[EventRounds "7"]
[EventCountry "GER"]
[SourceDate "2005.10.24"]

1. e4 c5 2. Nc3 Nc6 3. g3 e6 4. Bg2 Nge7 5. Nge2 d5 6. exd5 exd5 7. O-O Be6 8.
d4 c4 9. Nf4 Qd7 10. Nce2 Ng6 11. Nxe6 fxe6 12. c3 Be7 13. h4 Bf6 14. Re1 O-O-O
15. Bh3 Kb8 16. h5 Nf8 17. Nf4 Re8 18. Qg4 Nd8 19. Re2 g6 20. h6 Kc7 21. Bd2
Kd6 22. Rae1 b5 23. Nxd5 exd5 24. Qf4+ 1-0

[Event "Niedersachsen-ch B"]
[Site "Verden"]
[Date "2010.01.03"]
[Round "2.41"]
[White "Pfeifer, Frank"]
[Black "Kimmich, Bernd"]
[Result "0-1"]
[WhiteElo "1739"]
[BlackElo "1928"]
[PlyCount "90"]
[EventDate "2010.01.??"]
[EventType "swiss"]
[EventRounds "7"]
[EventCountry "GER"]
[SourceDate "2005.10.24"]

1. e4 d5 2. exd5 Qxd5 3. Nc3 Qa5 4. Bc4 Bf5 5. d4 c6 6. Nf3 Nf6 7. O-O Nbd7 8.
Bd2 e6 9. a3 Qc7 10. Ne2 Bd6 11. Bb4 h6 12. Bxd6 Qxd6 13. h3 a5 14. Ng3 Bh7 15.
Re1 O-O 16. c3 a4 17. Ne5 b5 18. Ba2 Nd5 19. Qf3 N7f6 20. Rad1 Qc7 21. Bb1 Bxb1
22. Rxb1 c5 23. dxc5 Qxc5 24. Ne4 Nxe4 25. Qxe4 Qc7 26. Rbd1 Ra6 27. Rd3 Rd6
28. Rg3 Ne7 29. Qg4 Nf5 30. Rf3 Rfd8 31. Rf4 Rd2 32. Qf3 R8d5 33. g4 Rxe5 34.
Rxe5 Qxe5 35. gxf5 Qe1+ 36. Kg2 Rd1 37. Kg3 Qg1+ 38. Qg2 Rd3+ 39. Rf3 Rxf3+ 40.
Kxf3 Qxg2+ 41. Kxg2 exf5 42. Kf3 {(=)} g5 43. Kg3 Kf8 44. f4 f6 45. fxg5 fxg5
0-1

[Event "Niedersachsen-ch B"]
[Site "Verden"]
[Date "2010.01.03"]
[Round "2.42"]
[White "Tennert, Simon"]
[Black "Tenninger, Joerg"]
[Result "1/2-1/2"]
[WhiteElo "1993"]
[BlackElo "1566"]
[PlyCount "82"]
[EventDate "2010.01.??"]
[EventType "swiss"]
[EventRounds "7"]
[EventCountry "GER"]
[SourceDate "2005.10.24"]

1. e4 e6 2. d3 c5 3. g3 Nc6 4. Bg2 Nf6 5. Nf3 d5 6. Nbd2 Be7 7. O-O O-O 8. c3
Qb6 9. Qc2 Rd8 10. Re1 d4 11. Nc4 Qc7 12. Bf4 Qd7 13. Nfe5 Qe8 14. Nxc6 Qxc6
15. Ne5 Qa6 16. cxd4 cxd4 17. Qc7 Kf8 18. Bg5 Qd6 19. Qxd6 Rxd6 20. Nc4 Rd7 21.
Rec1 b5 22. Na5 Bd8 23. Nb3 Bb6 24. Nc5 Rc7 25. b4 a5 26. Bxf6 gxf6 27. e5 Raa7
28. exf6 axb4 29. Nb3 Rc3 30. Be4 h6 31. h4 Rac7 32. Kg2 e5 33. Kf3 Be6 34.
Rcb1 Ra7 35. g4 Bd8 36. g5 h5 37. Nd2 Ra4 38. Nb3 Rc2 39. Kg3 Bb6 40. Rc1 Rc3 {
(=)} 41. f3 Ra7 1/2-1/2

[Event "Niedersachsen-ch B"]
[Site "Verden"]
[Date "2010.01.03"]
[Round "2.43"]
[White "Bonacic, Jascha"]
[Black "Sablotny, Juergen"]
[Result "1-0"]
[WhiteElo "1764"]
[BlackElo "1833"]
[PlyCount "59"]
[EventDate "2010.01.??"]
[EventType "swiss"]
[EventRounds "7"]
[EventCountry "GER"]
[SourceDate "2005.10.24"]

1. e4 e6 2. d4 d5 3. exd5 exd5 4. Bd3 Nf6 5. Nc3 c6 6. Bf4 Bd6 7. Nge2 Bg4 8.
f3 Bc8 9. Qd2 Bxf4 10. Nxf4 Qe7+ 11. Nfe2 b6 12. O-O-O Na6 13. Nf4 Nc7 14. Rde1
Ne6 15. Nxe6 fxe6 16. Ne2 g6 17. Nf4 Kf7 18. Re2 Re8 19. h4 Qd6 20. h5 g5 21.
Nh3 h6 22. Bg6+ Ke7 23. Bxe8 Nxe8 24. f4 g4 25. Nf2 Nf6 26. f5 Bd7 27. Qxh6 Rg8
28. Nd3 Rf8 29. Nf4 Kd8 30. Nxe6+ 1-0

[Event "Niedersachsen-ch B"]
[Site "Verden"]
[Date "2010.01.03"]
[Round "2.44"]
[White "Oehne, Timo"]
[Black "Eickelkamp, Jan Hendrik"]
[Result "1-0"]
[WhiteElo "1644"]
[BlackElo "1928"]
[PlyCount "47"]
[EventDate "2010.01.??"]
[EventType "swiss"]
[EventRounds "7"]
[EventCountry "GER"]
[SourceDate "2005.10.24"]

1. d4 d5 2. Bg5 h6 3. Bf4 Nf6 4. Nf3 e6 5. c3 Nbd7 6. e3 b6 7. Nbd2 Be7 8. Bd3
c5 9. Rc1 O-O 10. O-O Bb7 11. Ne5 Nxe5 12. Bxe5 Nd7 13. Nf3 Re8 14. Qe2 Bf8 15.
e4 f6 16. Bg3 cxd4 17. cxd4 dxe4 18. Bxe4 Bxe4 19. Qxe4 b5 20. Rc6 f5 21. Qe2
Qf6 22. Be5 Qe7 23. Rc7 a6 24. Qc2 {Ab hier nicht mehr nachvollziehbar, da  1.
SF Oehme des Mitschreibens nicht mächtig war.  2. SF Eickelkamp es nicht für
nötig hielt, seinen Durchschlag abzugeben.  ...27.} 1-0

[Event "Niedersachsen-ch B"]
[Site "Verden"]
[Date "2010.01.03"]
[Round "2.45"]
[White "Rux, Roland"]
[Black "Kausche, Peter W"]
[Result "1/2-1/2"]
[WhiteElo "1828"]
[BlackElo "1549"]
[PlyCount "50"]
[EventDate "2010.01.??"]
[EventType "swiss"]
[EventRounds "7"]
[EventCountry "GER"]
[SourceDate "2005.10.24"]

1. d4 Nf6 2. f3 d5 3. e4 dxe4 4. Nc3 exf3 5. Nxf3 Bg4 6. h3 Bxf3 7. Qxf3 c6 8.
Be3 g6 9. Bc4 Bg7 10. O-O O-O 11. Rad1 Nbd7 12. Bb3 Nb6 13. Bg5 Nbd5 14. Ne2 a5
15. c4 a4 16. Bc2 Nc7 17. b3 Ne6 18. Be3 axb3 19. Bxb3 Qa5 20. Bd2 Qh5 21. g4
Qh4 22. Be1 Qg5 23. Bd2 Qh4 24. Be1 Qg5 25. Bd2 Qh4 1/2-1/2

[Event "Niedersachsen-ch B"]
[Site "Verden"]
[Date "2010.01.03"]
[Round "2.46"]
[White "Kollars, Michael"]
[Black "Zucker, Stefan"]
[Result "0-1"]
[WhiteElo "1530"]
[BlackElo "2015"]
[PlyCount "92"]
[EventDate "2010.01.??"]
[EventType "swiss"]
[EventRounds "7"]
[EventCountry "GER"]
[SourceDate "2005.10.24"]

1. e4 e5 2. Nf3 Nc6 3. d4 exd4 4. Nxd4 Qh4 5. Nb5 Kd8 6. N1c3 Bb4 7. Bd2 a6 8.
g3 Qe7 9. a3 Ba5 10. Bg2 axb5 11. b4 Bb6 12. Nd5 Qe8 13. Nxb6 cxb6 14. Be3 Ra6
15. O-O Qe6 16. a4 Nf6 17. axb5 Rxa1 18. Qxa1 Ne5 19. Bxb6+ Qxb6 20. Qxe5 h6
21. Qf4 g5 22. Qf3 Re8 23. Qd3 Ng4 24. Qd5 Qe6 25. Qd4 Qf6 26. Qc5 b6 27. Qc4
Qe6 28. Qd4 Bb7 29. Rd1 Ne5 30. f4 gxf4 31. gxf4 Ng4 32. f5 Qe7 33. Qxb6+ Kc8
34. Qd4 Ne5 35. Qc3+ Kd8 36. b6 Nc6 37. b5 Qe5 38. Qd3 Qc5+ 39. Kf1 Ne5 40. Qg3
Qxb5+ 41. Kg1 Qxb6+ 42. Kh1 Qf6 43. Qc3 Qb6 44. Qg3 Bc6 45. Qh4+ Kc8 46. Qxh6
Ng4 0-1

[Event "Niedersachsen-ch B"]
[Site "Verden"]
[Date "2010.01.03"]
[Round "2.47"]
[White "Woellermann, Ludger"]
[Black "Knobel, Hannah Bettina"]
[Result "1-0"]
[WhiteElo "1820"]
[BlackElo "1482"]
[PlyCount "55"]
[EventDate "2010.01.??"]
[EventType "swiss"]
[EventRounds "7"]
[EventCountry "GER"]
[SourceDate "2005.10.24"]

1. Nf3 d5 2. g3 Nf6 3. Bg2 e6 4. d3 Be7 5. O-O O-O 6. Nbd2 c6 7. e4 Qc7 8. e5
Nfd7 9. d4 f6 10. exf6 Bxf6 11. c4 Nb6 12. Qc2 Qd8 13. Rb1 Bd7 14. Qb3 Qc7 {(=)
} 15. Re1 Nc8 16. Nf1 b6 17. Bf4 Qd8 18. Ne3 Be8 19. Ng4 Bh5 20. Nxf6+ Qxf6 21.
Ng5 Re8 22. cxd5 cxd5 23. Bxd5 exd5 24. Qxd5+ Kh8 25. Rxe8+ Bxe8 26. Qxa8 Qf5
27. Re1 Bc6 28. Qxc6 1-0

[Event "Niedersachsen-ch B"]
[Site "Verden"]
[Date "2010.01.03"]
[Round "2.48"]
[White "Wernke Schmiesing, Sebastian"]
[Black "Langenfeld, Stefan"]
[Result "0-1"]
[WhiteElo "1475"]
[BlackElo "1958"]
[PlyCount "90"]
[EventDate "2010.01.??"]
[EventType "swiss"]
[EventRounds "7"]
[EventCountry "GER"]
[SourceDate "2005.10.24"]

1. e4 c5 2. c3 Nf6 3. Nf3 Nxe4 4. Qa4 Nf6 5. d4 e6 6. Bg5 cxd4 7. Nxd4 Be7 8.
Bd3 Nc6 9. Nxc6 dxc6 10. Qc2 Qd5 11. f4 Ng4 12. Qd2 Bxg5 13. fxg5 Ne5 14. Bc2
Nc4 15. Qxd5 exd5 16. O-O Be6 17. b3 Ne3 18. Rf2 O-O-O 19. Bd3 d4 20. Rf3 Bd5
21. Rg3 Rhe8 22. cxd4 Nd1 23. Nd2 Re1+ 24. Nf1 Rde8 25. Bc2 Rxf1+ 26. Kxf1 Ne3+
27. Rxe3 Rxe3 28. Re1 Rxe1+ 29. Kxe1 Bxg2 30. h4 h6 31. gxh6 gxh6 32. Kf2 Bd5
33. Kg3 Be6 34. Kf4 Kd8 35. a3 Ke7 36. b4 Kd6 37. Bf5 {(=)} Kd5 38. Bxe6+ fxe6
39. Ke3 e5 40. dxe5 Kxe5 41. a4 b6 42. h5 Kf5 43. Kd4 Kf4 44. a5 Kf5 45. Kc4
Kg5 0-1

[Event "Niedersachsen-ch B"]
[Site "Verden"]
[Date "2010.01.03"]
[Round "2.49"]
[White "Pundt, Wilfried"]
[Black "Diederichs, Luise"]
[Result "1-0"]
[WhiteElo "1934"]
[BlackElo "1470"]
[PlyCount "51"]
[EventDate "2010.01.??"]
[EventType "swiss"]
[EventRounds "7"]
[EventCountry "GER"]
[SourceDate "2005.10.24"]

1. e4 e6 2. d4 d5 3. e5 c5 4. c3 Nc6 5. Nf3 Qb6 6. Bd3 Bd7 7. O-O cxd4 8. cxd4
Nxd4 9. Nxd4 Qxd4 10. Nc3 Qxe5 11. Re1 Qc7 12. Nxd5 Qc5 13. Nc3 Nf6 14. Be3 Qc8
15. Rc1 Qd8 16. Nb5 Nd5 17. Bc4 Nxe3 18. Rxe3 Bc6 19. Qe2 Be7 20. Rd1 Qb6 21.
Nd6+ Kf8 22. Rb3 Qc7 23. Nxf7 Bf6 24. Nxh8 Kg8 25. Ng6 hxg6 26. Qxe6+ 1-0

[Event "Niedersachsen-ch B"]
[Site "Verden"]
[Date "2010.01.03"]
[Round "2.50"]
[White "Kaphle, Narendra"]
[Black "Aden, Dagmar"]
[Result "1-0"]
[WhiteElo "1466"]
[BlackElo "1810"]
[PlyCount "79"]
[EventDate "2010.01.??"]
[EventType "swiss"]
[EventRounds "7"]
[EventCountry "GER"]
[SourceDate "2005.10.24"]

1. e4 c5 2. Nf3 d6 3. d4 cxd4 4. Nxd4 Nf6 5. Nc3 a6 6. Be2 g6 7. O-O Bg7 8. Kh1
O-O 9. f4 e5 10. Nb3 Qc7 11. fxe5 dxe5 12. Bg5 Nbd7 13. a4 h6 14. Bh4 g5 15.
Bg3 Rd8 16. Bd3 Nc5 17. Nxc5 Qxc5 18. h3 Be6 19. Rf3 g4 20. Bf2 Qe7 21. Rg3 Nh5
22. Re3 Qg5 23. h4 Qf6 24. Qe1 Nf4 25. Qg1 h5 26. Rf1 Bh6 27. Be1 Qe7 28. Qf2
Ng6 29. Re2 Nf4 30. Rd2 Nxd3 31. Rxd3 Rxd3 32. cxd3 Rd8 33. Nd5 Bxd5 34. exd5
Qd7 35. Qf6 Bf4 36. Bc3 (36. Rxf4 exf4 37. Bc3 Kf8 38. Qh8+ Ke7 39. Bb4+) 36...
Bg3 37. Qg5+ Kh7 38. Qxh5+ Kg7 39. Qg5+ Kh7 40. Rf6 1-0

[Event "Niedersachsen-ch B"]
[Site "Verden"]
[Date "2010.01.03"]
[Round "2.51"]
[White "Celik, Abdullah"]
[Black "Haniszewski, Patrick"]
[Result "1-0"]
[WhiteElo "1793"]
[BlackElo "1463"]
[PlyCount "51"]
[EventDate "2010.01.??"]
[EventType "swiss"]
[EventRounds "7"]
[EventCountry "GER"]
[SourceDate "2005.10.24"]

1. d4 b6 2. Nf3 Bb7 3. c4 e6 4. Nc3 c5 5. d5 d6 6. e4 Be7 7. Be2 Nd7 8. O-O
Ngf6 9. Qc2 O-O 10. dxe6 fxe6 11. Ng5 Ne5 12. Nxe6 Qd7 13. Nxf8 Rxf8 14. Bf4
Nfg4 15. Bg3 Ng6 16. Rad1 Nf4 17. h3 Nxh3+ 18. gxh3 Nh6 19. Kh2 Bc8 20. Rh1
Qxh3+ 21. Kg1 Qe6 22. Qd3 Qg6 23. Bh5 Qg5 24. Qd5+ Qxd5 25. Nxd5 Bg5 26. Bxd6
1-0

[Event "Niedersachsen-ch B"]
[Site "Verden"]
[Date "2010.01.03"]
[Round "2.52"]
[White "Kollars, Dmitrij"]
[Black "Hartogh, Theo"]
[Result "0-1"]
[WhiteElo "1450"]
[BlackElo "1833"]
[PlyCount "58"]
[EventDate "2010.01.??"]
[EventType "swiss"]
[EventRounds "7"]
[EventCountry "GER"]
[SourceDate "2005.10.24"]

1. e4 c5 2. Nf3 Nc6 3. d4 cxd4 4. Nxd4 g6 5. Nc3 Bg7 6. Be3 Nf6 7. f3 O-O 8.
Bc4 d6 9. Qd2 Bd7 10. O-O-O Rc8 11. Bb3 Ne5 12. g4 Nc4 13. Bxc4 Rxc4 14. h4 Qa5
15. Nde2 Rfc8 16. Kb1 Be6 17. h5 Rxc3 18. Nxc3 Nxe4 19. fxe4 Bxc3 20. Qxc3 Rxc3
21. bxc3 Qxa2+ 22. Kc1 Bxg4 23. Rdg1 Bf3 24. Rh4 Qa5 25. hxg6 fxg6 26. Re1 Qxc3
27. Bf2 a5 28. Re3 Qa1+ 29. Kd2 Qd4+ 0-1

[Event "Niedersachsen-ch B"]
[Site "Verden"]
[Date "2010.01.03"]
[Round "2.53"]
[White "Weczerek, Dieter"]
[Black "Boehm, Jana"]
[Result "1/2-1/2"]
[WhiteElo "1786"]
[BlackElo "1445"]
[PlyCount "82"]
[EventDate "2010.01.??"]
[EventType "swiss"]
[EventRounds "7"]
[EventCountry "GER"]
[SourceDate "2005.10.24"]

1. e4 e6 2. d4 d5 3. e5 c5 4. c3 Nc6 5. Be2 Qb6 6. Nf3 Nge7 7. Na3 Nf5 8. Nc2
Bd7 9. h3 Be7 10. h4 g6 11. g4 Ng7 12. Rb1 cxd4 13. cxd4 O-O-O 14. Bg5 Bxg5 15.
Nxg5 Rdf8 16. b4 f6 17. exf6 Rxf6 18. h5 Rff8 19. hxg6 hxg6 20. Rxh8 Rxh8 21.
Bf3 Rf8 22. Qd3 Be8 23. Qe3 Bd7 24. Rb3 e5 25. dxe5 Nxe5 26. Qxb6 axb6 27. Bxd5
Nxg4 28. Rf3 Re8+ 29. Be4 Bf5 30. Rc3+ Kb8 31. f3 Nf6 32. Re3 Bxe4 33. Nxe4
Nxe4 34. fxe4 Rc8 35. Kd2 Ne6 36. Rg3 g5 37. Rd3 Rd8 38. Rxd8+ Nxd8 39. Ke3 Kc7
40. Kd4 Kd6 41. e5+ Ke6 1/2-1/2

[Event "Niedersachsen-ch B"]
[Site "Verden"]
[Date "2010.01.03"]
[Round "2.54"]
[White "Kessens, Felix Magnus"]
[Black "Bischoff, Norbert"]
[Result "1-0"]
[WhiteElo "1782"]
[BlackElo "1741"]
[PlyCount "49"]
[EventDate "2010.01.??"]
[EventType "swiss"]
[EventRounds "7"]
[EventCountry "GER"]
[SourceDate "2005.10.24"]

1. e4 e6 2. d4 d5 3. Nc3 Nc6 4. e5 Nge7 5. Bg5 Qd7 6. Nf3 b6 7. a3 a5 8. Bd3
Ba6 9. Nb5 Nd8 10. a4 Bxb5 11. Bxb5 c6 12. Bd3 Nc8 13. Bf4 Be7 14. Ng5 Bxg5 15.
Bxg5 Ne7 16. h4 h5 17. g4 g6 18. gxh5 Rxh5 19. Be2 Rh7 20. Qd3 Nf5 21. O-O-O c5
22. dxc5 bxc5 23. Qa3 Nd4 24. Rxd4 cxd4 25. Bb5 1-0

[Event "Niedersachsen-ch B"]
[Site "Verden"]
[Date "2010.01.03"]
[Round "2.55"]
[White "Richters, Maik"]
[Black "Palmer, Harald"]
[Result "0-1"]
[WhiteElo "1424"]
[BlackElo "1878"]
[PlyCount "90"]
[EventDate "2010.01.??"]
[EventType "swiss"]
[EventRounds "7"]
[EventCountry "GER"]
[SourceDate "2005.10.24"]

1. e4 e5 2. Nf3 Nc6 3. Bc4 Bc5 4. c3 Nf6 5. d3 d6 6. Qb3 O-O 7. Qc2 Be6 8. Bb3
Qe7 9. Bg5 h6 10. Be3 Bxe3 11. fxe3 Rad8 12. O-O Ng4 13. Qe2 Bxb3 14. axb3 f5
15. exf5 Rxf5 16. h3 Nf6 17. e4 Rh5 18. g4 Rxh3 19. Qg2 Rxf3 20. Rxf3 Qe6 21.
g5 Nh5 22. gxh6 Qxh6 23. Na3 Nf4 24. Qh2 Qg5+ 25. Kh1 Rf8 26. Rg1 Qe7 27. Rg4
Nd8 28. Nc2 Qd7 29. Ne3 Nde6 30. Nf5 g5 31. Rfg3 Kf7 32. Qh7+ Ke8 33. Qxd7+
Kxd7 34. d4 {(=)} Rh8+ 35. Kg1 Ne2+ 36. Kf2 Nxg3 37. Kxg3 exd4 38. Nxd4 Nxd4
39. cxd4 Rg8 40. d5 Ke7 41. Kf3 Kf6 42. b4 a6 43. Ke3 Rh8 44. Rg2 Rh3+ 45. Kd4
Rf3 0-1

[Event "Niedersachsen-ch B"]
[Site "Verden"]
[Date "2010.01.03"]
[Round "2.56"]
[White "Merettig, Georg"]
[Black "Klosa, Kevin"]
[Result "1-0"]
[WhiteElo "1958"]
[BlackElo "1416"]
[PlyCount "43"]
[EventDate "2010.01.??"]
[EventType "swiss"]
[EventRounds "7"]
[EventCountry "GER"]
[SourceDate "2005.10.24"]

1. Nc3 d5 2. e4 Nf6 3. e5 Nfd7 4. d4 Nb6 5. f4 Bf5 6. Bd3 Bxd3 7. Qxd3 e6 8.
Nf3 c5 9. O-O Nc6 10. Kh1 Rc8 11. f5 cxd4 12. Nxd4 Nxe5 {(=)} 13. Qe2 Nbd7 14.
fxe6 fxe6 15. Nxe6 Qe7 16. Nd4 Nf6 17. Bg5 Ned7 18. Qd2 Qb4 19. Rae1+ Kf7 20.
Qe3 Bc5 21. Qe6+ Kg6 22. Qf5+ 1-0

[Event "Niedersachsen-ch B"]
[Site "Verden"]
[Date "2010.01.03"]
[Round "2.57"]
[White "Finke, Maurice"]
[Black "Munk, Leonhard"]
[Result "1/2-1/2"]
[WhiteElo "1411"]
[BlackElo "1751"]
[PlyCount "93"]
[EventDate "2010.01.??"]
[EventType "swiss"]
[EventRounds "7"]
[EventCountry "GER"]
[SourceDate "2005.10.24"]

1. d4 Nf6 2. c4 c5 3. d5 e6 4. Nc3 exd5 5. cxd5 d6 6. e4 g6 7. Nf3 Bg7 8. h3
O-O 9. Bd3 b5 10. Bxb5 Nxe4 11. Nxe4 Qa5+ 12. Bd2 Qxb5 13. Nxd6 Qa6 14. Nxc8
Re8+ 15. Be3 Bxb2 16. Rb1 Bc3+ 17. Nd2 Rxc8 18. Qe2 Qxa2 19. O-O Nd7 20. Qc4
Qxc4 21. Nxc4 Bd4 22. Rb7 Rd8 23. Nd6 Ne5 24. Ne4 Kg7 25. Nxc5 Bxc5 26. Bxc5
Rxd5 27. Rxa7 Rc8 28. Be3 Rc2 29. Raa1 Nc4 30. Bc1 Ne5 31. Be3 Nc4 32. Bc1 h6
33. Ra4 Nd2 34. Bxd2 Rdxd2 35. Raa1 g5 36. Rac1 Rxf2 37. Rxf2 Rxc1+ 38. Kh2 h5
39. Rd2 Kg6 40. Rd6+ f6 41. Rd8 Rc3 42. Rg8+ Kf5 43. Rh8 h4 44. Rh6 Re3 45. Rh8
g4 46. Rh5+ Kg6 47. hxg4 1/2-1/2